000 00745nam a2200289Ia 4500
005 20260324121329.0
008 008 260324s9999 xx 000 0 eng d
020 _a9780203553244
037 _aEBOOK
040 _aCRL
040 _beng
040 _cCRL
041 _2eng
041 _aeng
084 _qCRL
100 _aDavid Lewis; Dennis Rodgers; Michael Woolcock
_91162098
245 0 _aPopular Representations of Development
245 0 _bInsights from Novels, Films, Television and Social Media
260 _bTaylor and Francis
260 _c2014
365 _a
365 _b230
856 _uhttp://www.taylorfrancis.com/books/9780203553244
942 _cEBOOK
999 _c1754127
_d1754127